000
00376nam a2200133Ia 4500
008
100328s9999 xx 000 0 und d
082
_b
35615
100
_a
रानडे जयंत.
245
_a
ब्लड रिव्हर.
260
_b
पूजा.
630
_a
ब्लड रिव्हर.
730
_a
ब्लड रिव्हर.
942
_c
BOOK
999
_c
525487
_d
525484